000 03155cam a22012134i 4500
003 PE-LiUPU
005 20250813185423.0
008 180731s2015 sp a r0 000 0 spa d
020 _a9788447539116
035 _a(Sirsi) a249409
040 _aPE-LiUPU
_bspa
_cPE-LiUPU
_erda
049 _aPRUA
082 0 4 _a302.23
_bV65
_220
100 1 _aVila-Sanjuán, Sergio,
_eautor.
245 1 4 _aUna crónica del periodismo cultural /
_cSergio Vila-Sanjuán.
264 1 _aBarcelona :
_bUniversidad de Barcelona,
_c2015.
300 _a120 páginas :
_bilustraciones ;
_c22 centímetros.
336 _atext
_2rdacontent
337 _aunmediated
_2rdamedia
338 _avolume
_2rdacarrier
490 0 _aPeriodismo activo ;
_v5
505 0 _aTres pioneros -- cronistas del fin de siglo -- borges, informador cultural -- el estilo New Yorker -- metamorfosis del periodismo cultural en la vanguardia -- el periodismo cultural del boom maestros recientes.
526 _aP202
526 _aP201
526 _aP163
526 _aP162
526 _aP161
526 _aP160
526 _aP148
526 _aP147
526 _aP146
526 _aP145
526 _aP144
526 _aP143
526 _aP142
526 _aP141
526 _aP140
526 _aP139
526 _aP138
526 _aP137
526 _aP136
526 _aP135
526 _aP134
526 _aP133
526 _aP129
526 _aP128
526 _aP127
526 _aP120
526 _aP119
526 _aP118
526 _aP116
526 _aP115
526 _aP114
526 _aP110
526 _aP109
526 _aP108
526 _aP104
526 _aP103
526 _aP102
526 _aP99
526 _aP98
526 _aP97
526 _aP96
526 _aP95
526 _aP93
526 _aP90
526 _aP89
526 _aP88
526 _aP83
526 _aP82
526 _aP62
526 _aP59
526 _aP58
526 _aP57
526 _aP51
526 _aP49
526 _aP48
526 _aP47
526 _aP29
526 _aP24
526 _aP20
526 _aP19
526 _aP17
526 _aP15
526 _aP14
526 _aP12
526 _aP10
526 _aP09
526 _aP08
526 _aP07
526 _aP06
526 _aP05
526 _aP04
526 _aP01
541 _g002-00000234;
650 0 4 _aPeriodisme cultural
910 _adbm
_bksl
_cksl
_d20180731
942 _2ddc
_cBOOK
994 _aC0
_bPEPRU
598 _aCATALOGING
596 _a1
999 _a302.23 V65
_wDEWEY
_c28972
_i79181
_d28972
_e2018-8-29
_f2021-11-8
_g4
_lCCODEBUL1
_mBUL
_n1
_p17.41
_q1
_r0
_sY
_tBOOK
_u2018-7-30
_xEDUCACION
_PP07
_0COMPRA
_1FCOMPRA
_o.STAFF. Colección Ciencias Humanas y Educación
999 _a302.23 V65
_wDEWEY
_c3
_i79182
_f2021-11-8
_g4
_lCCODEBUL1
_mBUL
_p17.41
_r0
_sY
_tBOOK
_u2018-7-31
_xEDUCACION
_PP07
_0COMPRA
_1FCOMPRA
_o.STAFF. Colección Ciencias Humanas y Educación
980 _81
_gALBERTO SANCHEZ Responsable de Automatización